Ink Master Winners - Statistics

General Stats
  • This quiz has been taken 36 times
  • The average score is 9 of 12
Answer Stats
Season Ink Master % Correct
9 Old Town Ink
100%
8 Ryan Ashley Malarkey
89%
2 Steve Tefft
89%
7 Anthony Michaels
85%
4 Scott Marshall
85%
5 Jason Clay Dunn
81%
3 Joey Hamilton
74%
11 Tony Medellin
74%
10 Josh Payne
70%
6 Dave Kruseman
67%
12 Laura Marie
59%
1 Shane O'Neill
56%
No matching quizzes found
Score Distribution
Percent of People with Each Score
Percentile by Number Answered
Your Score History
You have not taken this quiz